000 00740cam a2200241 a 4500
020 _a9781413310788 (pbk.)
020 _a1413310788 (pbk.)
040 _cDLC
082 0 0 _a658 NOL 2009 A114 Or.
100 1 _aAdvani, Asheesh,
245 1 0 _aBusiness loans from family & friends :
_bhow to ask, make it legal & make it work /
246 3 _aBusiness loans from family and friends
250 _a1st ed.
260 _aBerkeley, Calif. :
_bNolo,
_c2009.
300 _a287 p. :
_bill. ;
_c23 cm. +
_e1 CD-ROM (4 3/4 in.)
500 _aIncludes index.
500 _a"All forms on CD-ROM"--Cover.
650 0 _aSmall business
650 0 _aBusiness enterprises
650 0 _aSelf-financing.
650 0 _aCommercial loans.
942 _cEK
999 _c17412
_d17412